000 00306nam a2200121Ia 4500
008 241014s9999||||xx |||||||||||||| ||und||
020 _a81 86340 69 6
100 _aGlanze Walter D
245 0 _aMosby's Medical dictionary
260 _bgalgotia publishers
_c2006
650 _aPharmacology
942 _bDCOP
_cBK
999 _c325
_d325